00277nam a22001097a 4500020001800000082001800018100003100036245004200067250000600109260004400115300000800159 a9788131511992 a581.5bDAV/TE aDave, Deekha aKatewa, S S aText Book of Environment and Ecology  a2 aUnited Kindom bCengage Learning c2010 a208